[Event "Provincial-ch Elche"]
[Site "Elche"]
[Date "2013.11.16"]
[Round "6.9"]
[White "Tortosa Gomez, Alberto J"]
[Black "Sanchez Trives, Cayetano A"]
[Result "0-1"]
[WhiteElo "1848"]
[BlackElo "1915"]
[PlyCount "106"]
[EventDate "2013.10.05"]
[EventType "swiss"]
[EventRounds "7"]
[EventCountry "ESP"]
[SourceTitle "EXT 2024"]
[Source "ChessBase"]
[SourceDate "2023.10.10"]
[SourceVersion "1"]
[SourceVersionDate "2023.10.10"]
[SourceQuality "1"]

1. e4 c5 2. Nf3 d6 3. d3 Nc6 4. Nbd2 g6 5. g3 Bg7 6. Bg2 Nf6 7. 0-0 0-0 8. c3 e5 9. Nc4 Qc7 10. Ne3 h6 11. h4 Be6 12. Nh2 Qd7 13. Nd5 Kh7 14. Bd2 Ne7 15. c4 Nc6 16. Qc1 Nd4 17. Kh1 Nxd5 18. cxd5 Bh3 19. Be3 Bxg2+ 20. Kxg2 f5 21. Bxd4 cxd4 22. Qd2 Rac8 23. Rac1 h5 24. Nf3 Bh6 25. Ng5+ Kg8 26. Rxc8 Rxc8 27. Rc1 fxe4 28. dxe4 Rxc1 29. Qxc1 Bxg5 30. Qxg5 Kg7 31. Qd2 Qc7 32. Qg5 a6 33. a3 a5 34. Qd2 b5 35. f4 Qc4 36. f5 d3 37. Kf3 Qc2 38. Ke3 gxf5 39. Qxc2 dxc2 40. Kd2 f4 41. gxf4 exf4 42. Kxc2 Kf6 43. Kd2 Ke5 44. Kd3 a4 45. b4 axb3 46. Kc3 Kxe4 47. Kxb3 f3 48. Kb4 f2 49. Kxb5 Kxd5 50. a4 f1Q+ 51. Ka5 Qb1 52. Ka6 Kc6 53. a5 Qb7# 0-1

[Event "Valencia Autonomico Center-B"]
[Site "Valencia"]
[Date "2009.01.17"]
[Round "2.6"]
[White "Tortosa Gomez, Alberto J"]
[Black "Company Sancho, Miguel"]
[Result "1/2-1/2"]
[WhiteElo "1885"]
[BlackElo "1991"]
[PlyCount "111"]
[EventDate "2009.01.10"]
[EventType "team-tourn"]
[EventRounds "5"]
[EventCountry "ESP"]
[SourceTitle "EXT 2011"]
[Source "ChessBase"]
[SourceDate "2010.11.26"]
[SourceVersion "1"]
[SourceVersionDate "2010.11.26"]
[SourceQuality "1"]

1. d4 d5 2. Bg5 Nd7 3. e3 Ngf6 4. Bd3 e6 5. Nf3 Be7 6. 0-0 c5 7. c3 c4 8. Bc2 b5 9. Nbd2 Bb7 10. a3 h6 11. Bh4 Ne4 12. Bxe7 Qxe7 13. Nxe4 dxe4 14. Nd2 f5 15. a4 a6 16. axb5 axb5 17. Rxa8+ Bxa8 18. Qh5+ Qf7 19. Qxf7+ Kxf7 20. Ra1 Rb8 21. Ra7 Bc6 22. b4 Ra8 23. Rxa8 Bxa8 24. h3 Nb6 25. Kf1 g5 26. Ke2 Kf6 27. f3 Nd5 28. Nb1 exf3+ 29. gxf3 e5 30. dxe5+ Kxe5 31. Bd1 Bc6 32. Kf2 Bd7 33. Be2 h5 34. Bf1 Be8 35. Bg2 f4 36. e4 Ne3 37. Bh1 Bc6 38. Ke2 Bd7 39. Na3 g4 40. hxg4 hxg4 41. fxg4 Nxg4 42. Nc2 Nf6 43. Nd4 Ne8 44. Nf5 Nf6 45. Ne7 Be8 46. Nd5 Bh5+ 47. Kf1 Ne8 48. Ne7 f3 49. Nf5 Kf4 50. Nd4 Nc7 51. e5 Kxe5 52. Nxf3+ Kf4 53. Nd4 Ke3 54. Bc6 Kd3 55. Nxb5 Nxb5 56. Bxb5 1/2-1/2

[Event "Valencia Autonomico Center-B"]
[Site "Valencia"]
[Date "2009.01.10"]
[Round "1.6"]
[White "Cerdan Herraez, Manuel Vicente"]
[Black "Tortosa Gomez, Alberto J"]
[Result "1/2-1/2"]
[WhiteElo "1869"]
[BlackElo "1885"]
[PlyCount "105"]
[EventDate "2009.01.10"]
[EventType "team-tourn"]
[EventRounds "5"]
[EventCountry "ESP"]
[SourceTitle "EXT 2011"]
[Source "ChessBase"]
[SourceDate "2010.11.26"]
[SourceVersion "1"]
[SourceVersionDate "2010.11.26"]
[SourceQuality "1"]

1. e4 d5 2. exd5 Qxd5 3. c4 Qe5+ 4. Qe2 Qxe2+ 5. Bxe2 Nc6 6. a3 Nd4 7. Bd1 Bf5 8. Ne2 0-0-0 9. Nbc3 Kb8 10. b4 e5 11. 0-0 Bd3 12. c5 g6 13. Re1 Bg7 14. a4 Bc2 15. Nxd4 exd4 16. Bxc2 dxc3 17. Rb1 Nh6 18. dxc3 Bxc3 19. Bxh6 Bxe1 20. Rxe1 Rhe8 21. Be3 f5 22. g3 Rd5 23. h4 Ree5 24. Rd1 Kc8 25. Kg2 Rd8 26. Rb1 Red5 27. a5 a6 28. Rb3 Re5 29. b5 axb5 30. Rxb5 Rxe3 31. Bxf5+ gxf5 32. fxe3 Rd5 33. Kf3 c6 34. Rb4 Rxc5 35. Ra4 Kb8 36. e4 fxe4+ 37. Kxe4 h5 38. Kf4 Kc7 39. g4 hxg4 40. Kxg4 b5 41. axb6+ Kxb6 42. h5 Rd5 43. h6 c5 44. Rf4 Kb5 45. Rf8 Rd7 46. Rh8 c4 47. h7 Rg7+ 48. Kf3 Rf7+ 49. Ke3 Kb4 50. Kd2 Kb3 51. Ra8 Rxh7 52. Rb8+ Ka4 53. Kc3 1/2-1/2